000 00358pab a2200145 454500
008 180718b1986 xxu||||| |||| 00| 0 eng d
100 _aMeera, V.
245 _aHome based production in India - problems of roganisation
260 _c1986
300 _a22-5
362 _aNov.-Dec.
650 _aWomen - India
773 _aPopular Jurist
909 _a20924
999 _c20924
_d20924